Chủ thể quan hệ pháp luật dân sự (Sách tham khảo)
Сохранить в:
| Главный автор: | |
|---|---|
| Формат: | |
| Язык: | Undetermined |
| Опубликовано: |
Hà Nội
Chính trị quốc gia
2011
|
| Предметы: | |
| Метки: |
Добавить метку
Нет меток, Требуется 1-ая метка записи!
|
| Thư viện lưu trữ: | Trung tâm Học liệu Trường Đại học Cần Thơ |
|---|
| LEADER | 00615nam a2200193Ia 4500 | ||
|---|---|---|---|
| 001 | CTU_177205 | ||
| 008 | 210402s9999 xx 000 0 und d | ||
| 020 | |c 33000 | ||
| 082 | |a 346.597 | ||
| 082 | |b Đ305 | ||
| 100 | |a Nguyễn, Ngọc Điện | ||
| 245 | 0 | |a Chủ thể quan hệ pháp luật dân sự | |
| 245 | 0 | |b (Sách tham khảo) | |
| 245 | 0 | |c Nguyễn Ngọc Điện | |
| 260 | |a Hà Nội | ||
| 260 | |b Chính trị quốc gia | ||
| 260 | |c 2011 | ||
| 650 | |a Vietnamese civil law,Luật dân sự Việt Nam | ||
| 980 | |a Trung tâm Học liệu Trường Đại học Cần Thơ | ||